000 00959pam a2200265 a 4500
001 4868518
003 PILC
005 20150112093436.0
008 920423s1993 maua b 001 0 eng
010 _a 92015842
020 _a0875843255
040 _aDLC
_cDLC
_dDLC
043 _an-us---
050 0 0 _aHC 110.H53
_b.M67 1993
082 0 0 _aMkSF 658.812
_bM82 1993
100 1 _aMorone, Joseph G.
_916151
245 1 0 _aWinning in high-tech Markets :
_bThe role of general management /
_cJoseph Morone.
260 _aBoston, Mass. :
_bHarvard Business School Press,
_c1993.
300 _a292 pages :
_billustration ;
_c24 cm.
504 _aIncludes bibliographical references and index.
650 0 _aHigh technology industries
_zUnited States
_xManagement.
_916152
906 _a7
_bcbc
_corignew
_d1
_eocip
_f19
_gy-gencatlg
942 _2lcc
_cBK
999 _c14570
_d14570